Nová lokalita Waldsteinia trifolia Roch. v oblasti Poľany v Slovenskom stredohorí

Bibliographic Details
Main Authors: Križo, Milan, 1928-2021 (Author), Koríneková, Marta (Author)
Format: Article
Language:Slovak
PhysicalDescription:Res. rus., lit. 2 zázn. v slov.
Subjects:

MARC

LEADER 00000nab a2200000 a 4500
001 vtls000235926
003 SK-MaSNL
005 20260304070528.0
008 250423c1985 xo 0 slo
015 |a SNBRB19rr/mm-uuuuu 
035 |a CL0246040 
035 |a urn:nbn:sk:snk-abbf7v 
035 |a (urnnbn)urn:nbn:sk:snk:ar-000r06 
035 |a (uuid)0bf098e3-a88b-4dc0-94b0-2a0ac1b78352 
040 |a SNKBUCL  |b slo  |c SNKBUCL  |e AACR2 
041 0 |a slo 
044 |a xo  |c SK 
080 |a 582.734  |2 1981 
100 1 |a Križo, Milan,  |d 1928-2021  |4 aut  |9 116904 
245 1 0 |a Nová lokalita Waldsteinia trifolia Roch. v oblasti Poľany v Slovenskom stredohorí  |c Milan Križo, Marta Koríneková 
300 |b Res. rus., lit. 2 zázn. v slov. 
650 0 7 |a waldsteinia trojlistá  |2 snkbucl  |9 739302 
650 0 7 |a Waldsteinia trifolia  |2 snkbucl  |9 1356684 
651 7 |a Chránená krajinná oblasť Poľana (Slovensko)  |2 snkbucl  |9 104271 
655 7 |a články z novín a časopisov  |2 snkbucl  |9 267496 
700 1 |a Koríneková, Marta  |4 aut  |9 930369 
773 0 |t Biológia  |g Roč. 40, č. 9 (1985), s. 955-958 
850 |a Slovenská národná knižnica 
852 |a Slovenská národná knižnica 
954 |a odborná, vedecká literatúra pôvodná (slovenská)  |2 lita 
958 |a article15 
958 |a RK 
958 |a OND 
958 |a EUIPO 
992 |a RBX 
999 |c 2756113  |d 2758043